000 00651cam a2200241 4500
008 090401t1994 xxu||||| |||| 00| 0 eng d
020 _a1874059136
035 _a(Sirsi) u68331
041 _aeng
050 _a333.70285
100 _aBartlett, Darius
245 _aGIS and the coastal zone: past, present and future.
260 _aLondon
_bAssociation of Geographic Information
_c1994
300 _a36p. ; 30cm.
350 _a0
490 _aAGI Publication
_v3/94
650 _aCOASTAL ZONE
650 _aGIS
690 _aLAND SURVEYING
710 _aAssociation for Geographic Information
_9166
942 _n0
948 _c04/03/1997
999 _c95091
_d95091